Financial management : (Record no. 5475)

MARC details
000 -LEADER
fixed length control field 00560cam a2200193ua 4500
001 - CONTROL NUMBER
control field 6328
005 - DATE AND TIME OF LATEST TRANSACTION
control field 20260515114031.0
008 - FIXED-LENGTH DATA ELEMENTS--GENERAL INFORMATION
fixed length control field 131129n ii |||frmmmmZ001|0|eng
020 ## - INTERNATIONAL STANDARD BOOK NUMBER
International Standard Book Number 81-8370-052-7
040 ## - CATALOGING SOURCE
Transcribing agency MAIN
082 ## - DEWEY DECIMAL CLASSIFICATION NUMBER
Classification number 658.15
245 ## - TITLE STATEMENT
Title Financial management :
Remainder of title A study of small business in North Eastern Region of India /
Statement of responsibility, etc. By Ashim Kumar Das .
260 ## - PUBLICATION, DISTRIBUTION, ETC.
Place of publication, distribution, etc. New delhi:
Name of publisher, distributor, etc. Akansha publishing house,
Date of publication, distribution, etc. 2006.
300 ## - PHYSICAL DESCRIPTION
Extent xii,197p.
653 ## - INDEX TERM--UNCONTROLLED
Uncontrolled term Commerce
653 ## - INDEX TERM--UNCONTROLLED
Uncontrolled term Financial management
700 ## - ADDED ENTRY--PERSONAL NAME
Personal name Das,Ashim Kumar,
Relator term Author.
942 ## - ADDED ENTRY ELEMENTS (KOHA)
Koha item type Books
Holdings
Withdrawn status Lost status Damaged status Not for loan Home library Current library Shelving location Date acquired Total checkouts Full call number Barcode Date last seen Copy number Price effective from Koha item type
        Naharkatiya College Library Naharkatiya College Library General stacks 09/19/2020   658.15 | DAS 16394 09/19/2020 2 09/19/2020 Books
        Naharkatiya College Library Naharkatiya College Library General stacks 09/19/2020   658.15 | DAS 16395 09/19/2020 1 09/19/2020 Books